Statistiques concernant Harry Potter: les Potions

Cliquez ici pour prendre le quiz!

Statistiques générales

  • Ce quiz a été pris 87 fois
  • Le résultat moyen est 10 sur 23

Statistiques - réponses

InformationRéponses% Correct
Professeur qui les enseigneSeverus Rogue
97%
Professeur qui les enseigneHorace Slughorn
92%
Potion connueFelix Felicis
90%
"Outil" utiliséChaudron
89%
Première apparitionHarry Potter à l'école des sorciers
89%
Dernière apparitionHarry Potter et les Reliques de la Mort
89%
Potion connuePolynectar
76%
Potion connueAmortentia
74%
Potion connueVéritasérum
63%
Potion connuePotion Tue-loup
47%
Potion connuePhiltre de Mort Vivante
42%
Potion connuePoussos
27%
Potion connuePhiltre de paix
21%
Potion connuePotion de ratatinage
18%
Potion connueEssence de dictame
16%
Potion connuePhiltre régénérateur à la mandragore
15%
Potion connueDoxycide
13%
Potion connuePotion d'amnésie
13%
Potion connueElixir de longue vie
10%
Potion connuePimentine
10%
Potion connueElixir d'euphorie
8%
Potion connuePotion de vieillissement
6%
Potion connuePotion de beauté
2%

Distribution des résultats

Percentile par nombre de réponses

% des personnes avec chaque résultat

Votre développement - résultats

Vous n’avez pas pris ce quiz